| 000 | 01029nam a2200277 a 4500 | ||
|---|---|---|---|
| 001 | 2521476 | ||
| 003 | OSt | ||
| 005 | 20230620154905.0 | ||
| 008 | 921103s1992 ke b 001 0 eng | ||
| 010 | _a 92982031 | ||
| 020 |
_a9966420339 : _cKshs200.00 (US $18.00) |
||
| 020 | _a9966410473 | ||
| 040 |
_aDLC _cDLC |
||
| 043 |
_af-ke--- _af------ |
||
| 082 |
_a323.44 _bOCH |
||
| 100 | 1 |
_aOchieng, Philip, _d1938- |
|
| 245 | 1 | 0 |
_aI accuse the press : _ban insider's view of the media and politics in Africa / _cPhilip Ochieng. |
| 260 |
_aNairobi : _bInitiatives Publishers : _bACTS Press, _c1992. |
||
| 300 |
_axiv, 210 p. ; _c21 cm. |
||
| 504 | _aIncludes bibliographical references and index. | ||
| 650 | 0 |
_aPress and politics _zKenya. |
|
| 650 | 0 |
_aPress and politics _zAfrica. |
|
| 906 |
_a7 _bcbc _corignew _d3 _encip _f19 _gy-gencatlg |
||
| 942 |
_2ddc _cBK |
||
| 999 |
_c1880 _d1880 |
||